000 00664nam a2200241Ia 4500
003 OSt
005 20221007071320.0
006 a|||||r|||| 00| 0
007 ta
008 221006b |||||||| |||| 00| 0 eng d
024 _a25,284
037 _cTextual
040 _aFLL
_cFLL
_beng
041 _2eng
_aeng
082 _aZ3:883:R434, J3;K5
100 _aBoulton W. W.
_981382
245 0 _aConduct and etiquette at the bar of England and wales
250 _a4th
260 _aLondon
_bButterworths 1965
_c1965
300 _aviii,110p
_ccm.
942 _hZ3:883:R434, J3;K5
_cTEXL
_2CC
999 _c1143040
_d1143040